[Event "Dresden (Women)"]
[Site "Dresden"]
[Date "1990.??.??"]
[Round "?"]
[White "Kunze, Kerstin"]
[Black "Muresan, Margareta"]
[Result "0-1"]
[WhiteElo "2160"]
[BlackElo "2195"]
[PlyCount "66"]
[EventDate "1990.??.??"]
[EventType "tourn"]
[EventRounds "11"]
[EventCountry "GER"]
[SourceTitle "TD"]
[Source "ChessBase"]
[SourceDate "1994.03.01"]
[SourceVersion "1"]
[SourceVersionDate "1994.03.01"]
[SourceQuality "1"]

1. e4 c5 2. Nf3 Nc6 3. d4 cxd4 4. Nxd4 Nf6 5. Nc3 e5 6. Ndb5 d6 7. Bg5 a6 8. Na3 b5 9. Nd5 Be7 10. Bxf6 Bxf6 11. c3 0-0 12. Be2 Bg5 13. 0-0 Ne7 14. c4 Nxd5 15. Qxd5 Be6 16. Qb7 Qa5 17. Rfd1 Qb4 18. Rab1 Rfb8 19. Qc6 bxc4 20. Nc2 Qa5 21. Qxd6 Rb6 22. Qa3 Qxa3 23. Nxa3 Rc8 24. Nc2 f5 25. f3 a5 26. g3 fxe4 27. fxe4 Rcb8 28. Na3 Be3+ 29. Kf1 Rc6 30. Ke1 Bd4 31. Rd2 Bc5 32. Nxc4 Bb4 33. b3 Bxc4 0-1

[Event "Dresden (Women)"]
[Site "Dresden"]
[Date "1990.??.??"]
[Round "?"]
[White "Muresan, Margareta"]
[Black "Heinatz, Gundula"]
[Result "1-0"]
[WhiteElo "2195"]
[BlackElo "2195"]
[PlyCount "133"]
[EventDate "1990.??.??"]
[EventType "tourn"]
[EventRounds "11"]
[EventCountry "GER"]
[SourceTitle "TD"]
[Source "ChessBase"]
[SourceDate "1994.03.01"]
[SourceVersion "1"]
[SourceVersionDate "1994.03.01"]
[SourceQuality "1"]

1. Nf3 Nf6 2. c4 g6 3. Nc3 c5 4. d4 cxd4 5. Nxd4 Nc6 6. e4 Nxd4 7. Qxd4 d6 8. Be2 Bg7 9. Be3 0-0 10. Qd2 Ng4 11. Bxg4 Bxg4 12. f3 Be6 13. Nd5 Rc8 14. Rc1 b5 15. b3 bxc4 16. bxc4 f5 17. exf5 Rxf5 18. 0-0 Qd7 19. Rfd1 Kf7 20. Qa5 Re5 21. Qa3 Bxd5 22. cxd5 Rxc1 23. Bxc1 Qb5 24. Qb3 Qe2 25. Bf4 Rh5 26. Bg3 Be5 27. f4 Bc3 28. Bf2 Rf5 29. g3 h5 30. Rc1 Bf6 31. Re1 Qd2 32. Rd1 Qe2 33. Re1 Qg4 34. Be3 h4 35. Qd1 Qxd1 36. Rxd1 e5 37. g4 Rxf4 38. Bxf4 exf4 39. Kg2 g5 40. Kf3 Be5 41. Rd3 Bb2 42. Ke4 Kf6 43. h3 Bc1 44. Rc3 Be3 45. Rc8 Bc5 46. Re8 Kf7 47. Re6 Kg7 48. a4 a5 49. Re8 Kf6 50. Rf8+ Kg7 51. Rf5 Kg6 52. Kd3 Bb4 53. Kc4 Kh6 54. Kb5 Kg6 55. Kc6 Bc5 56. Kd7 Kh6 57. Ke7 Bb4 58. Ke6 Bc5 59. Kf7 Bd4 60. Ke7 Bc5 61. Ke6 Kg6 62. Rf8 Bb4 63. Rf6+ Kg7 64. Ke7 Bc5 65. Ke6 Bb4 66. Kf5 f3 67. Ke6 1-0

[Event "Dresden (Women)"]
[Site "Dresden"]
[Date "1990.??.??"]
[Round "?"]
[White "Muresan, Margareta"]
[Black "Schaefer, Anke"]
[Result "1/2-1/2"]
[WhiteElo "2195"]
[BlackElo "2000"]
[PlyCount "101"]
[EventDate "1990.??.??"]
[EventType "tourn"]
[EventRounds "11"]
[EventCountry "GER"]
[SourceTitle "TD"]
[Source "ChessBase"]
[SourceDate "1994.03.01"]
[SourceVersion "1"]
[SourceVersionDate "1994.03.01"]
[SourceQuality "1"]

1. Nf3 c5 2. c4 Nc6 3. g3 g6 4. Bg2 Bg7 5. Nc3 e5 6. 0-0 Nge7 7. d3 0-0 8. Ne1 d6 9. Nc2 Be6 10. Ne3 Qd7 11. Ned5 f5 12. e3 Rae8 13. Bd2 Kh8 14. a3 b6 15. Rb1 Bg8 16. Qa4 Nxd5 17. cxd5 Nb8 18. Qxd7 Nxd7 19. Nb5 Rd8 20. e4 Nf6 21. Nxa7 Ne8 22. b4 Rf7 23. Nc6 Ra8 24. bxc5 bxc5 25. Rb3 Rc7 26. Na5 fxe4 27. dxe4 c4 28. Rb5 c3 29. Bc1 Nf6 30. f3 Bf7 31. Rb7 Rxb7 32. Nxb7 Bf8 33. f4 Kg7 34. fxe5 dxe5 35. Bg5 Ne8 36. d6 Nxd6 37. Nd8 Bc4 38. Bf6+ Kg8 39. Rc1 Nb5 40. Bf1 Bc5+ 41. Kg2 Bxf1+ 42. Kxf1 Bxa3 43. Rc2 Bb2 44. Rf2 Nd4 45. Nf7 Kxf7 46. Bxe5+ Nf5 47. exf5 gxf5 48. g4 Ke6 49. Bxc3 Bxc3 50. Rxf5 Ra1+ 51. Kg2 1/2-1/2

[Event "Brno zt (Women)"]
[Site "Brno"]
[Date "1989.??.??"]
[Round "3"]
[White "Muresan, Margareta"]
[Black "Forgo, Eva"]
[Result "1-0"]
[WhiteElo "2215"]
[BlackElo "2165"]
[PlyCount "71"]
[EventDate "1989.??.??"]
[EventType "tourn"]
[EventRounds "17"]
[EventCountry "CZE"]
[SourceTitle "EXT 1997"]
[Source "ChessBase"]
[SourceDate "1996.11.15"]
[SourceVersion "1"]
[SourceVersionDate "1996.11.15"]
[SourceQuality "1"]

1. d4 d5 2. c4 c6 3. Nc3 e5 4. dxe5 d4 5. Ne4 Qa5+ 6. Nd2 Qxe5 7. Ngf3 Qd6 8. Nb3 c5 9. g3 Nc6 10. Bf4 Qd8 11. Bg2 Nf6 12. 0-0 Be7 13. Nc1 0-0 14. Nd3 Re8 15. a3 Bd6 16. Bxd6 Qxd6 17. Re1 Rb8 18. b4 b6 19. Nd2 Be6 20. Qa4 Rec8 21. Rab1 cxb4 22. axb4 Ne5 23. c5 bxc5 24. bxc5 Qd7 25. c6 Qd6 26. Nxe5 Qxe5 27. Nf3 Rxb1 28. Rxb1 Qxe2 29. Nxd4 Qd3 30. Rd1 Qc4 31. Qxc4 Bxc4 32. Nf5 Rf8 33. c7 Be6 34. Ne7+ Kh8 35. Rd8 Re8 36. Bc6 1-0

[Event "Brno zt (Women)"]
[Site "Brno"]
[Date "1989.??.??"]
[Round "14"]
[White "Muresan, Margareta"]
[Black "Kaczorowska, Barbara"]
[Result "1-0"]
[WhiteElo "2215"]
[BlackElo "2225"]
[PlyCount "107"]
[EventDate "1989.??.??"]
[EventType "tourn"]
[EventRounds "17"]
[EventCountry "CZE"]
[SourceTitle "EXT 1997"]
[Source "ChessBase"]
[SourceDate "1996.11.15"]
[SourceVersion "1"]
[SourceVersionDate "1996.11.15"]
[SourceQuality "1"]

1. c4 c6 2. Nc3 d5 3. d4 Nf6 4. cxd5 cxd5 5. Bf4 e6 6. e3 Be7 7. Bd3 0-0 8. h3 Nc6 9. Rc1 Qb6 10. Nf3 Qxb2 11. 0-0 Qb6 12. Nb5 Qd8 13. Bc7 Qd7 14. Ne5 Nxe5 15. dxe5 Ne8 16. Ba5 b6 17. Bd2 Ba6 18. a4 Bc5 19. Qb3 Bb7 20. Nd4 Qe7 21. a5 Nc7 22. Rxc5 bxc5 23. Qxb7 Rfb8 24. Nc6 Rxb7 25. Nxe7+ Kf8 26. Nc6 Rb3 27. Bc2 Rb2 28. Rc1 a6 29. Bc3 Rb7 30. Ba4 Nb5 31. Bb2 c4 32. Nd4 Nxd4 33. Bxd4 Rc8 34. Bc3 Ke7 35. Kf1 f5 36. f4 h6 37. g4 g6 38. Ke2 Kf7 39. Rg1 Rcb8 40. Bc2 Rh8 41. gxf5 gxf5 42. Bxf5 Rb3 43. Bd4 Rc8 44. Bg6+ Ke7 45. Bc2 Ra3 46. Rg7+ Kf8 47. Rh7 Rc6 48. Rxh6 Rxa5 49. f5 Ra2 50. Kd2 a5 51. Rxe6 c3+ 52. Bxc3 Rc7 53. Ra6 Rc5 54. e6 1-0